000 01129nam0a22002531 4500
001 rc\2947719
005 20250806210316.0
035 _a(NLR Aleph) 007095683
090 _a54430
_c54430
100 _a20110829d1943 u y0rusy50 ca
101 0 _arus
102 _aRU
105 _ay z |||||
200 1 _aПримерный устав сельскохозяйственной артели, [принятый Вторым Всесоюзным съездом колхозников-ударников и утвержденный Советом Народных Комиссаров СССР и Центральным Комитетом ВКП(б) 17-го февраля 1935 года]
210 _a[Ростов]
_cРостиздат
_d1943
215 _a31 с. Без обл.
_d14 см
712 1 2 _aВсесоюзный съезд колхозников-ударников
_d2
_eМосква
_f1935
_4570
801 0 _aRU
_bNLR
_gpsbo
801 1 _aRU
_bELAR
_2rusmarc
852 _aNLR
_jЭк50 Г-2/176
942 _cBOOK
945 _aРоссийская национальная библиотека
980 _aNB
980 _aBV